Základné aspekty Rímského dohovoru
História a univerzálna aplikácia Rímského dohovoru o práve použiteľnom na zmluvné záväzky. Rozsah pôsobnosti tohto Dohovoru. Základný princíp Dohovoru - slobodná voľba. Použiteľné právo v prípade absencie voľby.
Enregistré dans:
| Auteur principal: | |
|---|---|
| Format: | Chapitre de livre |
| Langue: | slovaque |
| Sujets: | |
| Tags: |
Pas de tags, Soyez le premier à ajouter un tag!
|
MARC
| LEADER | 00000naa a2200000 4500 | ||
|---|---|---|---|
| 001 | r044477 | ||
| 005 | 20230929120127.6 | ||
| 041 | 0 | |a slo | |
| 044 | |a SK | ||
| 245 | 1 | 0 | |a Základné aspekty Rímského dohovoru |c Martin Bahleda |
| 520 | |a História a univerzálna aplikácia Rímského dohovoru o práve použiteľnom na zmluvné záväzky. Rozsah pôsobnosti tohto Dohovoru. Základný princíp Dohovoru - slobodná voľba. Použiteľné právo v prípade absencie voľby. | ||
| 610 | 2 | 0 | |a právo zmluvné |
| 610 | 2 | 0 | |a záväzky |
| 610 | 2 | 0 | |a história |
| 610 | 2 | 0 | |a zmluvy prepravné |
| 610 | 2 | 0 | |a zmluvy pracovné |
| 610 | 2 | 0 | |a zmluvy poistné |
| 610 | 2 | 0 | |a úpravy právne |
| 610 | 2 | 0 | |a Rímsky dohovor |
| 610 | 2 | 0 | |a Európska únia |
| 610 | 2 | 0 | |a Slovensko |
| 100 | 1 | |a Bahleda, Martin | |